000 00780nam0a22002291 4500
001 rc\804190
005 20041129090856.1
035 _a(NLR Aleph) 005988225
090 _a7100144
_c7100144
100 _a20041129d1983 u |0rusy50 ca
101 0 _arus
102 _aRU
105 _ay |||||||||
200 1 _aКак организовать соревнование?
_aВеликий почин
_e(О героизме рабочих в тылу. По поводу "коммунистических субботников")
210 _aМ.
_cПолитиздат
_d1983
215 _a38 с.
_d20
700 1 _aЛенин
_bВ. И.
_gВладимир Ильич
801 0 _aRU
_bNLR
_gpsbo
801 1 _aRU
_bELAR
_2rusmarc
852 _aNLR
_bЛ
_j1-18/1-36
942 _cBOOK
980 _aNB